English in mind : Class Audio CDs 4
محفوظ في:
| المؤلف الرئيسي: | |
|---|---|
| التنسيق: | كتاب |
| اللغة: | Undetermined |
| منشور في: |
Cambridge, UK
Cambridge University Press
2007
|
| الموضوعات: | |
| الوسوم: |
إضافة وسم
لا توجد وسوم, كن أول من يضع وسما على هذه التسجيلة!
|
| Thư viện lưu trữ: | Trung tâm Học liệu Trường Đại học Cần Thơ |
|---|
| LEADER | 00597nam a2200217Ia 4500 | ||
|---|---|---|---|
| 001 | CTU_137254 | ||
| 008 | 210402s9999 xx 000 0 und d | ||
| 020 | |c 77000 | ||
| 082 | |a 428.24 | ||
| 082 | |b P977/CD.2 | ||
| 100 | |a Puchta, Herbert | ||
| 245 | 0 | |a English in mind : | |
| 245 | 0 | |b Class Audio CDs 4 | |
| 245 | 0 | |c Herbert Puchta, Jeff Stranks, Peter Lewis-Jones | |
| 260 | |a Cambridge, UK | ||
| 260 | |b Cambridge University Press | ||
| 260 | |c 2007 | ||
| 650 | |a English language | ||
| 904 | |i Trọng Hải | ||
| 915 | |a 400 | ||
| 980 | |a Trung tâm Học liệu Trường Đại học Cần Thơ | ||